banner koha

Avaliacao de um teste imunoenzimatico competitivo no diagnostico sorologico da brucelose em bufalos (Bubalus bubalis) (Registro n. 161857)

MARC details
000 -LÍDER
campo de controle de tamanho fixo 00888nas a2200289 4500
001 - NÚMERO DE CONTROLE
campo de controle BR9902866
003 - IDENTIFICADOR DO NÚMERO DE CONTROLE
campo de controle BR-BrBNA
005 - DATA E HORÁRIO DA ÚLTIMA TRANSAÇÃO
campo de controle 20231205101435.0
007 - CAMPO FIXO DE DESCRIÇÃO FÍSICA--INFORMAÇÃO GERAL
campo de controle de tamanho fixo ta
008 - CAMPO DE DADOS FIXOS--INFORMAÇÃO GERAL
campo de controle de tamanho fixo 230509b bl.|||p| |||| 00| 00por d
040 ## - FONTE DA CATALOGAÇÃO
Instituição da catalogação original BR-BrBNA
Idioma da catalogação por
Instituição que transcreveu o registro Biblioteca Nacional de Agricultura
041 ## - CÓDIGO DE IDIOMA
Código do idioma do texto/trilha sonora ou título diferente (Pt)
072 ## - CÓDIGO DE CATEGORIA DE ASSUNTO
Código de Categoria de Assunto L73; L70
100 1# - ENTRADA PRINCIPAL--NOME PESSOAL
Nome pessoal Mathias, L.A.
100 1# - ENTRADA PRINCIPAL--NOME PESSOAL
Nome pessoal Chaves, L.F.
100 1# - ENTRADA PRINCIPAL--NOME PESSOAL
Nome pessoal Girio, R.J.S.
100 1# - ENTRADA PRINCIPAL--NOME PESSOAL
Nome pessoal Fava, C.D.
245 1# - TÍTULO
Título Avaliacao de um teste imunoenzimatico competitivo no diagnostico sorologico da brucelose em bufalos (Bubalus bubalis)
650 ## - ASSUNTO--TERMO TÓPICO
Cabeçalho tópico ou nome geográfico Bufalo
650 ## - ASSUNTO--TERMO TÓPICO
Cabeçalho tópico ou nome geográfico Brucelose
650 ## - ASSUNTO--TERMO TÓPICO
Cabeçalho tópico ou nome geográfico Atividade Enzimica
650 ## - ASSUNTO--TERMO TÓPICO
Cabeçalho tópico ou nome geográfico Diagnostico
650 ## - ASSUNTO--TERMO TÓPICO
Cabeçalho tópico ou nome geográfico Soro
773 0# - ENTRADA ANALÍTICA
Título Pesquisa Veterinaria Brasileira (Brazil)
ISSN - International Standard Serial Number ISSN 0100-736X
Partes relacionadas (Jul-Dec 1998), v. 18(3-4) p. 111-114
Número de controle do registro BR9902866
909 ## -
-- 202311
-- Lúcia
-- 55
-- Lúcia Elande
942 ## - ELEMENTOS DE ENTRADA ADICIONADOS (KOHA)
Fonte da classificação ou esquema de arquivamento na estante Classificação AGRIS
Ocultar no OPAC Não
Tipo de material Koha Analítica
Exemplares
Situação do descarte Fonte da classificação ou esquema de arquivamento na estante Situação física Não pode ser emprestado Biblioteca de origem Biblioteca atual Localização na estante Enumeração do periódico / cronologia Total de empréstimos Data de último acesso Número do exemplar Tipo de material Koha Fonte de aquisição
  Classificação AGRIS   Consulta local Biblioteca Nacional de Agricultura - Binagri Biblioteca Nacional de Agricultura - Binagri   (Jul-Dec 1998), v. 18(3-4) p. 111-114   29/11/2023 01 Periódicos Portaria Interministerial nº 164/94

BINAGRI

Telefone: (61)3218-2567/2388/3357/2097 - binagri@agro.gov.br

Ministério da Agricultura e Pecuária , Esplanada dos Ministérios, Bloco D, Anexo B, Brasília/DF, CEP: 70.043-900